八代市(熊本県)の駅 - Statistics

General Stats
  • This quiz has been taken 8 times
  • The average score is 7 of 12
Answer Stats
Answer % Correct
新八代
100%
八代
100%
日奈久温泉
75%
有佐
63%
千丁
63%
坂本
63%
50%
葉木
50%
鎌瀬
50%
肥後高田
50%
肥後二見
50%
瀬戸石
13%
No matching quizzes found
Score Distribution
Percent of People with Each Score
Percentile by Number Answered
Your Score History
You have not taken this quiz